000 00377nam a2200145Ia 4500
008 191201s2008 xx 000 0 und d
082 _a510
_bFAS
100 _aTremblay, Jean-Paul
245 0 _aDiscrete Mathematical Structures with Applications to computer science
250 _aRep.
260 _aN.Delhi
_bTMH
_c2008
300 _a606
650 _aMCA
942 _2ddc
_cBK
_05
999 _c3670
_d3670